Herbert Hoover Trivia - Statistics

General Stats
  • This quiz has been taken 9 times
  • The average score is 7 of 10
Answer Stats
# Questions Answer % Correct
4 Who served as president before Hoover? Calvin Coolidge
86%
2 The Hoover Dam, which is name after him, is located on what river? Colorado
86%
5 Who served as president after Hoover? Franklin D. Roosevelt
86%
10 What event was caused from the Wall Street Crash of 1929? Great Depression
86%
3 What US state was Hoover born in? Iowa
86%
8 What political party was Hoover a member of during hispresidency? Republican
86%
9 Who was the Democratic nominee that Hoover defeated inthe 1928 election? Al Smith
57%
6 To what country was Hoover Chairman of the Commission for Relief of? Belgium
43%
7 Hoover's mother, Hulda Randall Minthorn, was raised in whatcountry? Canada
29%
1 Who was Hoover's vice president? Charles Curtis
14%
No matching quizzes found
Score Distribution
Percent of People with Each Score
Percentile by Number Answered
Your Score History
You have not taken this quiz